Leader xxxxxxxxxx
001 __ PCLIS00053824
005 __ 20220611172957.0
010 0_ |a978-986-450-283-7|b平裝|dNT$420
100 __ |a20200415d2020 y0chiy09 e
101 0_ |achi
102 __ |atw
105 __ |aac z 000cd
200 1_ |a九歌...散文選|h一○八年|f凌性傑主編
205 __ |a初版
210 __ |a臺北市|c九歌|d2020[民109]
215 0_ |a383面|c圖, 像|d21公分
225 1_ |a九歌文庫|v1324
300 __ |a版權頁英文題名: Collected essays 2019
300 __ |a作者號取自題名
300 __ |a附錄: 一○八年年度散文紀事 / 杜秀卿
500 11 |a九歌散文選|m中文
512 11 |a散文|e九歌一○八年散文選|zchi
515 1_ |a九歌108年散文選
517 1_ |aCollected essays 2019|zeng
517 1_ |a九歌一○八年散文選|zchi
517 1_ |a九歌108年散文選|zchi
606 __ |2cst|a散文
681 __ |a855|b8677
681 __ |a855|b8639
702 _1 |a凌|b性傑|4主編
801 _0 |atw|b內湖高中|c20200415|gCCR
801 _2 |atw|b內湖高中|c20220611|gCCR
|